|
|
|
|
| LEADER |
00580nam a22001577a 4500 |
| 020 |
|
|
|a 9788132109587
|
| 082 |
|
|
|a 330WIL/I
|
| 100 |
|
|
|a Edited by Willem Thorbecke
|
| 245 |
|
|
|a Industrial Restructuring in Asia Implications of the Global Economic Crisis
|
| 260 |
|
|
|a New Delhi
|b Sage India
|c 2013
|
| 300 |
|
|
|a 384
|
| 650 |
|
|
|a Industrial policy-Asia,Industries-Asia, Economic policy_asia, Financial Crisis-Asia
|
| 700 |
|
|
|a Wen-jen Hsieh
|
| 942 |
|
|
|c BK
|
| 999 |
|
|
|c 135334
|d 135330
|
| 952 |
|
|
|0 0
|1 0
|4 0
|6 330WIL_I
|7 0
|9 134233
|a SCP
|b SCP
|d 2014-09-18
|l 0
|o 330WIL/I
|p SCP06169
|r 2014-09-18
|w 2014-09-18
|y BK
|